Guess the Katy Perry Music Video by Picture - Statistics

General Stats
  • This quiz has been taken 154 times
  • The average score is 17 of 32
Answer Stats
Picture Answer % Correct
Roar
99%
Hot N Cold
93%
Firework
90%
Dark Horse
89%
California Gurls
85%
Last Friday Night / T.G.I.F
79%
Teenage Dream
74%
Part Of Me
70%
Swish Swish
67%
Bon Appetit
66%
E.T
64%
I Kissed A Girl
64%
Birthday
58%
Wide Awake
56%
This Is How We Do
53%
The One That Got Away
47%
Harleys in Hawaii
46%
Chained to the Rhythm
45%
Smile
45%
Never Really Over
44%
Waking Up in Vegas
41%
Unconditionally
40%
Rise
39%
365
36%
Daisies
34%
Electric
33%
Thinking of You
33%
Never Worn White
30%
If We Ever Meet Again
29%
Starstrukk
25%
Not the End of the World
24%
Small Talk
22%
No matching quizzes found
Score Distribution
Percent of People with Each Score
Percentile by Number Answered
Your Score History
You have not taken this quiz